La palabra quebrada. Ensayo sobre el ensayo. Escritorio

Salvato in:
Dettagli Bibliografici
Autore principale: Cerda Contreras, Martín (Autore)
Natura: Libro
Lingua:spagnolo
Pubblicazione: Santiago, Chile Tajamar Editores 2005
Soggetti:
Tags: Aggiungi Tag
Nessun Tag, puoi essere il primo ad aggiungerne!!

MARC

LEADER 00000nam a2200000 a 4500
001 UCW6860
003 CL-VaPUC
005 20210520001740.0
008 920615e19820000CL |||||||||||||||||spa|d
999 |c 432620  |d 432618 
020 |a 956824509X 
040 |c Pontificia Universidad Católica de Valparaíso 
082 0 4 |a Ch864 CER 2005  |2 21 
100 0 |a Cerda Contreras, Martín  |e author  |9 311944 
245 1 3 |a La palabra quebrada.  |b Ensayo sobre el ensayo. Escritorio  
260 |a Santiago, Chile   |b Tajamar Editores   |c 2005 
300 |a 257 páginas  
500 |a Obra financiada con el aporte del Consejo Nacional del Libro y la Lectura 2004 
583 |a last modification  |c 19920615 00:00:00  |k Cristina Rojas 
650 0 |a Ensayos chilenos   |9 269132 
650 0 |a Crítica literaria   |9 269189 
650 0 |a Géneros literarios   |9 311945 
942 |c BK  |2 ddc 
945 |d 19920615 00:00:00 
952 |0 0  |1 0  |2 ddc  |4 0  |6 CH_864_000000000000000_CER_2005  |7 0  |8 A  |9 577630  |a FDOPOS  |b FDOPOS  |d 2021-03-09  |i 5620678  |o Ch864 CER 2005  |p 5620678  |r 2025-01-22  |t 1  |w 2021-03-09  |y BK  |k MEL